| 000 | 00617nam a2200181 i 4500 | ||
|---|---|---|---|
| 001 | 37890 | ||
| 003 | ES-MaACL | ||
| 005 | 20251120063128.0 | ||
| 007 | t| | ||
| 008 | 030224s1966 sp ||||1| spa d | ||
| 100 | 1 |
_aBurgo, Jaime Ignacio del, _d1942- _932642 |
|
| 245 | 1 | 0 |
_aCiento veinticinco años de vigencia del pacto-ley de 16 de agosto de 1841 / _cJaime Ignacio del Burgo. |
| 260 |
_aPamplona : _b[s.n., _c1966] ( _fGómez) |
||
| 300 |
_a109 p. ; _c24 cm. |
||
| 740 | 0 | _a125 años de vigencia del pacto-ley de 16 de agosto de 1841. | |
| 852 |
_aES-MaACL _jC-31757 _bR.62364 |
||
| 999 |
_c37890 _d37890 |
||